000
00248nam a22001097a 4500
082
_a
617
_b
S17T
100
_a
TOWNSEND,CONRTENY M
245
_a
SABISTION TEXTBOOK OF SURGERY I
260
_a
INDIA
_b
ELSEVIER
_c
2017
300
_a
1012
942
_2
ddc
_c
BK
999
_c
14193
_d
14193